书目信息 |
| 题名: |
代数学习指导
|
|
| 作者: | 彭继尧 编 | |
| 分册: | ||
| 出版信息: | 长春 吉林人民出版社 1978 |
|
| 页数: | 269页 | |
| 开本: | 19cm | |
| 丛书名: | ||
| 单 册: | ||
| 中图分类: | G633.6 , G634.62 | |
| 科图分类: | ||
| 主题词: | 代数--中学--课外读物 , 教育--各级 | |
| 电子资源: | ||
| ISBN: | ||
| 000 | 00650nam0 2200253 45 | |
| 001 | 0178005597 | |
| 005 | 20060819093128.12 | |
| 010 | @dCNY0.60 | |
| 091 | @a7091.1008 | |
| 100 | @a19950726d1978 demy0chiy0121 ea | |
| 101 | 0 | @achi |
| 102 | @aCN@b220000 | |
| 105 | @ay z 000yy | |
| 200 | 10 | @a代数学习指导@Adai shu xue xi zhi dao@f彭继尧编 |
| 210 | @a长春@c吉林人民出版社@d1978 | |
| 215 | @a269页@d19cm | |
| 300 | @a中学生课外读物 | |
| 606 | @a代数@x中学@x课外读物 | |
| 606 | 0 | @a教育@x各级 |
| 690 | @aG633.6 | |
| 690 | @aG634.62@v3 | |
| 701 | 0 | @a彭继尧@Apeng ji yao@4编 |
| 801 | 0 | @aCN@bNLC@c20060819 |
| 905 | @f1@b30340@dG633.6@e161 | |
| 代数学习指导/彭继尧编.-长春:吉林人民出版社,1978 |
| 269页;19cm |
| 中学生课外读物 |
| ISBN :CNY0.60 |
| ● |
| 相关链接 |
|
|
|
|
正题名:代数学习指导
索取号:G633.6/161
 
预约/预借
| 序号 | 登录号 | 条形码 | 馆藏地/架位号 | 状态 | 备注 |
| 1 | 0030340 | 001940939 | 密集书库/ [索取号:G633.6/161] | 在馆 | |
| 2 | 0030341 | 202438219 | 第一样本阅览室/ [索取号:G633.6/161] | 在馆 | |
| 3 | 0439835 | 204398357 | 密集书库/ [索取号:G633.6/161] | 在馆 | |
| 4 | 0447035 | 204470358 | 密集书库/ [索取号:G633.6/161] | 在馆 | |
| 5 | 0469427 | 204694278 | 密集书库/ [索取号:G633.6/161] | 在馆 |